[Event "N3_Gr_12"]
[Site "?"]
[Date "2003.10.12"]
[Round "1.4"]
[White "Bonnamour, Matthieu"]
[Black "Dequidt, Adrien"]
[Result "1/2-1/2"]
[WhiteElo "2049"]
[BlackElo "1900"]
[PlyCount "111"]
[EventDate "2004.??.??"]

1. e4 e5 2. Nf3 d6 3. d4 Nd7 4. Bc4 c6 5. O-O Be7 6. dxe5 dxe5 7. Ng5 Bxg5 8.
Qh5 Qf6 9. Bxg5 Qg6 10. Qxg6 hxg6 11. Be3 Ngf6 12. f3 Nf8 13. Nd2 Be6 14. Rfd1
b6 15. Bf1 N8d7 16. a4 O-O 17. b4 Rfc8 18. Bc4 Nf8 19. Bxe6 Nxe6 20. Nc4 c5 21.
bxc5 Nxc5 22. Nxe5 Nb7 23. Rd2 Re8 24. Nc6 Nd8 25. Nxd8 Raxd8 26. Rxd8 Rxd8 27.
a5 Rc8 28. axb6 axb6 29. Ra2 b5 30. Rb2 Rc4 31. Kf2 Nd7 32. Ke2 Rc8 33. Bd4 f6
34. Kd2 Rb8 35. Rb4 Kf7 36. Rb2 Ke6 37. Ra2 g5 38. Ra6+ Kf7 39. Ra7 Ke6 40.
Ra6+ Kf7 41. h3 Rb7 42. Rc6 Ke7 43. Kc3 Nb8 44. Rb6 Rxb6 45. Bxb6 Nc6 46. Bc7
Ke6 47. g3 Kd7 48. Bb6 Ne5 49. f4 gxf4 50. gxf4 Nc6 51. Bc5 Ke6 52. Kd3 Kf7 53.
c4 bxc4+ 54. Kxc4 Ke6 55. h4 f5 56. e5 1/2-1/2

[Event "N3_Gr_12"]
[Site "?"]
[Date "2003.10.12"]
[Round "1.1"]
[White "Bruneau, Francois"]
[Black "Duluc, Jeremie"]
[Result "0-1"]
[WhiteElo "2039"]
[BlackElo "2190"]
[PlyCount "222"]
[EventDate "2004.??.??"]

1. e4 c6 2. d4 d5 3. Nc3 dxe4 4. Nxe4 Bf5 5. Ng3 Bg6 6. N1e2 e6 7. Nf4 Bd6 8.
Nxg6 hxg6 9. Ne4 Nf6 10. Nxd6+ Qxd6 11. h3 Nbd7 12. c3 Nd5 13. Bd2 N7f6 14. Qf3
O-O 15. Be2 b5 16. O-O Nb6 17. Rfe1 b4 18. cxb4 Qxd4 19. Bc3 Qd6 20. a3 Nbd5
21. Bd4 Rfd8 22. Rac1 Nd7 23. Bd1 $4 23... Nxb4 24. axb4 Qxd4 25. Qxc6 Qxb4 26.
Bf3 Qxb2 27. Qa6 Rab8 28. Qxa7 Ne5 29. Be4 Rb4 30. Qc5 Qd4 31. Qxd4 Rbxd4 32.
Rc5 Nd7 33. Rc7 g5 34. Bf3 Nf6 35. Ra1 R4d7 36. Raa7 Rxc7 37. Rxc7 Rd7 38. Rc5
Nd5 39. Bxd5 Rxd5 40. Rc8+ Kh7 41. Kf1 Kg6 42. Rc6 Rd2 43. Ra6 Rd4 44. f3 Rd2
45. Kg1 Kf6 46. Kh2 Rd7 47. Kg3 Kf5 48. Ra8 f6 49. Ra2 e5 50. Ra5 Re7 51. Kf2
Kg6 52. Ra6 e4 53. fxe4 Rxe4 54. Rb6 g4 55. hxg4 Kg5 56. g3 Kxg4 57. Rb7 g5 58.
Rb6 f5 59. Rb2 Kh3 60. Rb5 Kg4 61. Rb2 Ra4 62. Kg2 Ra5 63. Rb4+ Kh5 64. Rb2 g4
65. Rc2 Kg5 66. Rf2 Rd5 67. Ra2 Kf6 68. Re2 Re5 69. Ra2 Re4 70. Ra6+ Re6 71.
Ra2 Rd6 72. Re2 Rd1 73. Kf2 Rd5 74. Kg2 Re5 75. Ra2 Ke6 76. Rd2 Re4 77. Ra2 Rd4
78. Re2+ Kd5 79. Kf2 Rd3 80. Ra2 Ke4 81. Re2+ Kd4 82. Ra2 Rf3+ 83. Kg2 Rd3 84.
Rf2 Ke4 85. Rf4+ Ke5 86. Rf2 Rd4 87. Ra2 Ke4 88. Rf2 Rd5 89. Re2+ Kd3 90. Ra2
Ke3 91. Ra3+ Rd3 92. Ra5 Rd2+ 93. Kf1 Ke4 94. Ra4+ Kf3 95. Rf4+ Kxg3 96. Rxf5
Rd1+ 97. Ke2 Rc1 98. Rg5 Rb1 99. Rg8 Rb7 100. Kf1 Rf7+ 101. Kg1 Ra7 102. Kf1
Kh4 103. Rh8+ Kg3 104. Rg8 Ra1+ 105. Ke2 Kh3 106. Rh8+ Kg2 107. Rg8 g3 108. Rh8
Ra7 109. Ke3 Kg1 110. Kf3 g2 111. Rg8 Kf1 0-1

[Event "N3_Gr_12"]
[Site "?"]
[Date "2003.10.12"]
[Round "1.2"]
[White "Chassain, Denis"]
[Black "Garon, Pierre"]
[Result "1-0"]
[WhiteElo "2250"]
[BlackElo "2009"]
[PlyCount "57"]
[EventDate "2004.??.??"]

1. d4 d5 2. Nf3 Nf6 3. Bf4 e6 4. e3 Be7 5. Bd3 Nbd7 6. Nbd2 O-O 7. Ne5 c5 8. c3
Re8 9. Qf3 Nxe5 10. dxe5 Nd7 11. O-O f6 12. Qh3 Nf8 13. Nf3 f5 14. c4 g6 15.
Rfd1 Bd7 16. Qh6 Bc6 17. h4 Qd7 18. h5 Bd8 19. cxd5 exd5 20. Rac1 b6 21. hxg6
hxg6 22. e4 fxe4 23. Bxe4 Qf7 24. Bb1 Qg7 25. Qh3 Ne6 26. Bg3 Ng5 27. Nxg5 Bxg5
28. f4 Be7 29. Qe6+ 1-0

[Event "N3_Gr_12"]
[Site "?"]
[Date "2003.10.12"]
[Round "1.8"]
[White "Cordonnier, Claude"]
[Black "Pupier, Terry"]
[Result "1/2-1/2"]
[WhiteElo "1830"]
[BlackElo "1740"]
[PlyCount "68"]
[EventDate "2004.??.??"]

1. d4 Nf6 2. c4 e6 3. Nf3 b6 4. Bg5 Bb7 5. e3 Be7 6. Be2 O-O 7. O-O d5 8. Nc3
Nbd7 9. Rc1 Ne4 10. Bxe7 Qxe7 11. cxd5 exd5 12. Bd3 f5 13. Ne2 c6 14. Nf4 g5
15. Ne2 Kh8 16. Ng3 a6 17. Re1 b5 18. Nd2 Rac8 19. f3 Nxg3 20. hxg3 Qg7 21. b4
f4 22. gxf4 gxf4 23. Qe2 Rce8 24. Qf2 fxe3 25. Rxe3 Qxd4 26. Rxe8 Qxf2+ 27.
Kxf2 Rxe8 28. Nb3 Ne5 29. Bb1 Nc4 30. Rh1 Re7 31. Nc5 Bc8 32. Rh6 Ne5 33. Rd6
Re8 34. Rh6 Re7 1/2-1/2

[Event "N3_Gr_12"]
[Site "?"]
[Date "2003.10.12"]
[Round "1.6"]
[White "Lageyre, Pascal"]
[Black "Poncet, Alain"]
[Result "1-0"]
[WhiteElo "1870"]
[BlackElo "1860"]
[PlyCount "103"]
[EventDate "2004.??.??"]

1. d4 Nf6 2. c4 g6 3. f3 Bg7 4. e4 d6 5. Nc3 O-O 6. Bg5 Nbd7 7. Qd2 c5 8. d5 a6
9. Nge2 Re8 10. Nc1 Rb8 11. Be2 Nb6 12. O-O Bd7 13. a4 Na8 14. Nd3 Nc7 15. e5
dxe5 16. Nxc5 b5 17. Nxd7 Qxd7 18. axb5 axb5 19. b3 Red8 20. Ra7 Qc8 21. Rfa1
Rb7 22. Qe3 bxc4 23. bxc4 Rb3 24. Bd1 Ncxd5 25. Nxd5 Rxe3 26. Nxe7+ Kf8 27.
Nxc8 Re1+ 28. Kf2 Rexd1 29. Rxd1 Rxd1 30. c5 h6 31. Bxf6 Bxf6 32. Nd6 Be7 33.
Ra8+ Kg7 34. Ne8+ Kh7 35. c6 Rd8 36. Rxd8 Bxd8 37. c7 Bxc7 38. Nxc7 f5 39. Ke3
Kg8 40. g4 Kf7 41. Na6 Kf6 42. h4 Ke7 43. Nc5 Kd6 44. Nd3 Ke6 45. g5 hxg5 46.
hxg5 e4 47. fxe4 fxe4 48. Kxe4 Ke7 49. Ke5 Kf7 50. Kd6 Kf8 51. Ke6 Kg7 52. Ke7
1-0

[Event "N3_Gr_12"]
[Site "?"]
[Date "2003.10.12"]
[Round "1.5"]
[White "Licata, Luc"]
[Black "Piat, Jerome"]
[Result "0-1"]
[WhiteElo "1900"]
[BlackElo "2085"]
[PlyCount "77"]
[EventDate "2004.??.??"]

1. d4 d5 2. Nf3 Nf6 3. Bf4 c6 4. e3 Qb6 5. Qc1 Bf5 6. Bd3 Bg6 7. Bxg6 hxg6 8.
h3 e6 9. Nbd2 Nbd7 10. O-O Be7 11. Ne5 Nxe5 12. Bxe5 O-O 13. c3 Nd7 14. Bg3 c5
15. Qb1 Rac8 16. Nf3 Qb5 17. Qc2 Bf6 18. Rfe1 Rfd8 19. a4 Qc4 20. b3 Qa6 21.
Qb2 Rc6 22. a5 Rdc8 23. b4 cxb4 24. cxb4 Qb5 25. Rac1 Be7 26. Rxc6 Rxc6 27. Rc1
Rxc1+ 28. Qxc1 Qc6 29. Qb1 Qc4 30. b5 Bd8 31. a6 bxa6 32. bxa6 Qxa6 33. Ne5
Nxe5 34. Bxe5 Qb6 35. Qc1 a5 36. Qc8 a4 37. Qd7 a3 38. Qe8+ Kh7 39. Qxf7 {
Les Blancs perdent au temps} 0-1

[Event "N3_Gr_12"]
[Site "?"]
[Date "2003.10.12"]
[Round "1.7"]
[White "Lorello, Alfio"]
[Black "Quenolle, Philippe"]
[Result "1/2-1/2"]
[WhiteElo "1860"]
[BlackElo "1880"]
[PlyCount "62"]
[EventDate "2004.??.??"]

1. e4 d5 2. exd5 Qxd5 3. Nc3 Qa5 4. d4 Nf6 5. Bc4 c6 6. Nf3 Bf5 7. O-O e6 8.
Bf4 Bb4 9. Ne2 O-O 10. c3 Be7 11. Ng3 Bg6 12. Ne5 Nbd7 13. Nxg6 hxg6 14. Qe2
Nd5 15. Bd2 Qc7 16. Ne4 N7b6 17. Bb3 Rad8 18. Rad1 Nc8 19. Rfe1 b6 20. Qf3 Nd6
21. Ng5 Bxg5 22. Bxg5 Rde8 23. c4 Ne7 24. c5 bxc5 25. dxc5 Nb7 26. Rxe6 Nxc5
27. Red6 Nd5 28. Bf4 Nxf4 29. Qxf4 Re4 30. Qd2 Nxb3 31. axb3 Qb6 1/2-1/2

[Event "N3_Gr_12"]
[Site "?"]
[Date "2003.10.12"]
[Round "1.9"]
[White "Poncet, Martine"]
[Black "Cordonnier, Agnes"]
[Result "0-1"]
[WhiteElo "1460"]
[BlackElo "1660"]
[PlyCount "67"]
[EventDate "2004.??.??"]

1. e4 d5 2. e5 c5 3. c4 Nc6 4. f4 e6 5. Nc3 Nge7 6. Nf3 Nf5 7. Bd3 Nfd4 8. Ng5
g6 9. Qg4 Nb4 10. Bxg6 hxg6 11. Kf2 Qe7 12. a3 Nd3+ 13. Ke3 Nxc1 14. Raxc1 Nb3
15. Rc2 d4+ 16. Ke2 Qd8 17. d3 dxc3 18. Rxc3 Nd4+ 19. Kf2 Qb6 20. Rb1 a5 21.
Ne4 Be7 22. h3 Bd7 23. Ke3 Rh4 24. Qd1 Bc6 25. Qd2 Bxe4 26. Kxe4 Qc6+ 27. Ke3
f6 28. exf6 Bxf6 29. Qf2 Nf5+ 30. Kd2 Bxc3+ 31. Kxc3 Qd6 32. g4 Qd4+ 33. Qxd4
Nxd4 34. Re1 0-1

[Event "N3_Gr_12"]
[Site "?"]
[Date "2003.10.12"]
[Round "1.3"]
[White "Valla, Nicolas"]
[Black "Rouler, Charly"]
[Result "0-1"]
[WhiteElo "1950"]
[BlackElo "2230"]
[PlyCount "80"]
[EventDate "2004.??.??"]

1. e4 c5 2. c3 Nf6 3. e5 Nd5 4. d4 cxd4 5. Bc4 Nb6 6. Bb3 d5 7. exd6 Qxd6 8.
Nf3 Nc6 9. O-O Be6 10. Nxd4 Nxd4 11. cxd4 Bxb3 12. Qxb3 e6 13. Nc3 Qb4 14. Bf4
Rd8 15. Nb5 Nd5 16. Nc7+ Nxc7 17. Bxc7 Rxd4 18. Rfc1 Rd5 19. Qg3 $11 19... Bc5
20. Be5 Qd2 21. Bc3 Qg5 22. Qb8+ $11 22... Rd8 23. Qxb7 O-O 24. Qf3 Rd5 25. Qg3
Qh6 26. h3 Rfd8 27. Qc7 Bb6 28. Qe7 Qf4 29. Rf1 Bc5 30. Qb7 Rf5 31. Be1 h5 32.
a3 Rb8 33. Qa6 Rxb2 34. Rd1 Bxf2+ 35. Rxf2 Rxf2 36. Bxf2 Qxf2+ 37. Kh2 Kh7 38.
Qd6 Rg5 39. Qd3+ g6 40. Qd7 Qxg2# 0-1

[Event "N3_Gr_12"]
[Site "?"]
[Date "2003.11.15"]
[Round "2.4"]
[White "Badoual, Patrice"]
[Black "Valla, Nicolas"]
[Result "1/2-1/2"]
[WhiteElo "2070"]
[BlackElo "1950"]
[PlyCount "70"]
[EventDate "2004.??.??"]

1. d4 Nf6 2. c4 c5 3. d5 b5 4. cxb5 a6 5. b6 Qxb6 6. Nc3 d6 7. e4 g6 8. Nf3 Bg7
9. h3 O-O 10. Be2 a5 11. O-O Ba6 12. Rb1 h6 13. Be3 Bxe2 14. Qxe2 a4 15. Qd2
Kh7 16. Qc2 Qa6 17. e5 dxe5 18. Nxe5 Nbd7 19. Nxd7 Nxd7 20. Ne4 c4 21. Nc5
21... Qb5 $11 22. Nxd7 Qxd7 23. Qxc4 Rfc8 24. Qd3 a3 25. b4 Rc3 26. Qd2 Qf5 27.
Rfc1 Rd3 28. Qe2 Qxd5 29. Rc5 Qd6 30. Rbc1 Rd8 31. b5 Rd1+ 32. Rxd1 Qxd1+ 33.
Qxd1 Rxd1+ 34. Kh2 Rb1 35. b6 Rxb6 1/2-1/2

[Event "N3_Gr_12"]
[Site "?"]
[Date "2003.11.15"]
[Round "2.1"]
[White "Bruneau, Francois"]
[Black "Amato, Roger"]
[Result "1-0"]
[WhiteElo "2225"]
[BlackElo "2039"]
[PlyCount "71"]
[EventDate "2004.??.??"]

1. e4 c5 2. Nc3 Nc6 3. Bb5 g6 4. d3 Bg7 5. Bxc6 bxc6 6. Nge2 d6 7. O-O Nh6 8.
Bd2 f5 9. Qc1 Nf7 10. exf5 Bxf5 11. Ng3 Bd7 12. Nce4 O-O 13. Bc3 Bh6 14. Bd2
Bg7 15. Bc3 Bh6 16. Qe1 Bf4 17. b3 Ng5 18. Nxg5 Bxg5 19. Ne4 Bh6 20. Bb2 Rf7
21. c4 Bf5 22. Rd1 Qd7 23. f3 Raf8 24. Qe2 Qe6 25. Rfe1 Qc8 26. Bc1 Bxc1 27.
Rxc1 Bxe4 28. dxe4 a5 29. e5 a4 30. exd6 exd6 31. bxa4 Qf5 32. Qd2 Rf6 33. Rc3
Re6 34. Rxe6 Qxe6 35. a5 Ra8 36. Rc1 1-0

[Event "N3_Gr_12"]
[Site "?"]
[Date "2003.11.15"]
[Round "2.8"]
[White "Colombi-Gamrat, Marie-Pierre"]
[Black "Pupier, Terry"]
[Result "0-1"]
[WhiteElo "1850"]
[BlackElo "1740"]
[PlyCount "106"]
[EventDate "2004.??.??"]

1. d4 Nf6 2. Nf3 d5 3. g3 c6 4. Bg2 Bf5 5. a3 e6 6. Nbd2 Bd6 7. b4 a5 8. bxa5
Qxa5 9. O-O Qc3 10. Ra2 Na6 11. Nb1 Qc4 12. Rb2 b5 13. e3 O-O 14. Nfd2 Qa4 15.
Rb3 e5 16. dxe5 Bxe5 17. Nf3 Nd7 18. Nxe5 Nxe5 19. Bb2 Nc4 20. Ba1 Nc5 21. Qd4
Ne6 22. Qd1 Rfb8 23. Re1 b4 24. e4 dxe4 25. Bxe4 Bxe4 26. Rxe4 bxa3 27. Rc3 Qb5
28. Rb3 Qd5 29. Qe2 Rxb3 30. cxb3 Nd6 31. Rb4 c5 32. Rb6 Nd4 33. Bxd4 cxd4 34.
Nxa3 h6 35. Nb1 d3 36. Qb2 Qc5 37. Rxd6 Qxd6 38. b4 Rc8 39. Qd2 Rc2 40. Qd1 d2
41. Kg2 Qc6+ 42. Kh3 Rc1 43. Qxd2 Rxb1 44. Qd8+ Kh7 45. Qd3+ Qg6 46. Qd2 Qe6+
47. Kg2 Qe4+ 48. Kh3 Rxb4 49. f3 Qe6+ 50. g4 Rb3 51. Kg2 Qe3 52. Qd5 Rb2+ 53.
Kh3 Qf4 0-1

[Event "N3_Gr_12"]
[Site "?"]
[Date "2003.11.15"]
[Round "2.6"]
[White "Esteveny, Yann"]
[Black "Poncet, Alain"]
[Result "1-0"]
[WhiteElo "2000"]
[BlackElo "1860"]
[PlyCount "61"]
[EventDate "2004.??.??"]

1. e4 e5 2. Nf3 Nc6 3. Bb5 a6 4. Ba4 Nf6 5. O-O b5 6. Bb3 Be7 7. a4 bxa4 8.
Bxa4 Bb7 9. d3 d6 10. Nbd2 O-O 11. Nc4 Nd7 12. Ne3 Nc5 13. c3 Nxa4 14. Rxa4 Qd7
15. Nf5 Bf6 16. Bg5 Qe6 17. d4 exd4 18. cxd4 Ne7 19. Ng3 Bxg5 20. Nxg5 Qf6 21.
Qh5 h6 22. Nf3 Bc6 23. Ra5 Bb5 24. Re1 Nc6 25. e5 dxe5 26. dxe5 Qf4 27. Raa1
Rfe8 28. Re4 Qxe4 29. Nxe4 f6 30. Nxf6+ gxf6 31. Qg6+ 1-0

[Event "N3_Gr_12"]
[Site "?"]
[Date "2003.11.15"]
[Round "2.3"]
[White "Garon, Pierre"]
[Black "Miellet-Bensan, Yves"]
[Result "0-1"]
[WhiteElo "2009"]
[BlackElo "2139"]
[PlyCount "58"]
[EventDate "2004.??.??"]

1. d4 Nf6 2. Nf3 e6 3. e3 b6 4. Bd3 Bb7 5. O-O Be7 6. Nbd2 d6 7. b3 Nbd7 8. Bb2
O-O 9. Qe2 c5 10. c4 Qc7 11. Rac1 e5 12. d5 Bc8 13. h3 Ne8 14. e4 g6 15. Nh2
Bf6 16. Ng4 Bg7 17. Ne3 Ndf6 18. g4 Qe7 19. f3 h5 20. Rf2 Bh6 21. Ng2 Nh7 22.
Re1 Nef6 23. Kh2 Kg7 24. Nf1 Rh8 25. Nfe3 hxg4 26. fxg4 Bxe3 27. Qxe3 Ng5 28.
Rxf6 Qxf6 29. h4 Nf3+ 0-1

[Event "N3_Gr_12"]
[Site "?"]
[Date "2003.11.15"]
[Round "2.5"]
[White "Licata, Luc"]
[Black "Crapis, Frederic"]
[Result "0-1"]
[WhiteElo "1900"]
[BlackElo "2026"]
[PlyCount "68"]
[EventDate "2004.??.??"]

1. d4 Nf6 2. Nf3 d6 3. Bf4 g6 4. e3 Bg7 5. h3 O-O 6. Be2 b6 7. c4 Bb7 8. Nc3
Nbd7 9. Qc2 Nh5 10. Bh2 e5 11. O-O exd4 12. exd4 Bh6 13. d5 a6 14. Rfe1 Nf4 15.
Bf1 Re8 16. Rxe8+ Qxe8 17. Re1 Qf8 18. g3 Bc8 19. gxf4 Nf6 20. Ne4 Nh5 21. Neg5
Bf5 22. Bd3 Bd7 23. f5 Qd8 24. h4 Bg7 25. Nxh7 Kxh7 26. fxg6+ Kh8 27. Ng5 Qf6
28. gxf7 Rc8 29. Qe2 Qh6 30. Qe7 Nf6 31. Bg3 Bf8 32. Qe3 Ng4 33. Qd4+ Bg7 34.
Qf4 Be5 0-1

[Event "N3_Gr_12"]
[Site "?"]
[Date "2003.11.15"]
[Round "2.7"]
[White "Lorello, Alfio"]
[Black "Gerest, Yves"]
[Result "1-0"]
[WhiteElo "1860"]
[BlackElo "1820"]
[PlyCount "125"]
[EventDate "2004.??.??"]

1. e4 c5 2. Nf3 Nc6 3. d4 cxd4 4. Nxd4 Nf6 5. Nc3 d6 6. Be2 e5 7. Nb3 Be6 8.
O-O Be7 9. Kh1 O-O 10. Bg5 h6 11. Bh4 g5 12. Bg3 d5 13. Bd3 d4 14. Ne2 Nh5 15.
Ng1 Ng7 16. Nd2 Qd7 17. a3 Rad8 18. f3 f5 19. exf5 Nxf5 20. Bf2 Nd6 21. Qe2 Bf6
22. Bg3 Nf5 23. Bf2 a6 24. Ne4 b5 25. Nc5 Qc8 26. Nxe6 Qxe6 27. Qe4 Bg7 28. Ne2
Qd5 29. Ng3 Nxg3+ 30. Bxg3 Qxe4 31. Bxe4 Ne7 32. Bd3 Nd5 33. Rfe1 Nf4 34. Bxf4
gxf4 35. a4 Rb8 36. Kg1 Rfe8 37. b3 Bf8 38. Re4 Bc5 39. g3 fxg3 40. hxg3 Re6
41. axb5 axb5 42. Ra5 Kg7 43. Kg2 Bb4 44. Rxb5 Rxb5 45. Bxb5 Kf6 46. Bc4 Rd6
47. Bd3 Bd2 48. Rg4 Rd8 49. Rg6+ Kf7 50. Rb6 Ke7 51. Bc4 Rd6 52. Rb5 Kf6 53.
Kh3 Rc6 54. Rb7 Be3 55. Kg4 Kg6 56. Bd3+ Kf6 57. Kh5 Rc5 58. Be4 Ra5 59. Rb6+
Kf7 60. Kg4 Ra1 61. Kf5 Ke7 62. Re6+ Kd7 63. Rxe5 1-0

[Event "N3_Gr_12"]
[Site "?"]
[Date "2003.11.15"]
[Round "2.9"]
[White "Poncet, Martine"]
[Black "Agrusti, Gaetan"]
[Result "0-1"]
[WhiteElo "1460"]
[BlackElo "1430"]
[PlyCount "110"]
[EventDate "2004.??.??"]

1. e4 c5 2. Nf3 d6 3. h3 Nf6 4. Nc3 e6 5. d4 cxd4 6. Qxd4 Nc6 7. Qd1 Be7 8. Bd3
O-O 9. O-O a6 10. Bg5 b5 11. a3 Bb7 12. Re1 Qc7 13. Qd2 Rac8 14. Rab1 Rfe8 15.
Ne2 d5 16. Bxf6 Bxf6 17. Ng3 Ne5 18. Nxe5 Qxe5 19. exd5 Qxd5 20. f3 Bh4 21. Ne4
Bxe1 22. Qxe1 Qd4+ 23. Kh1 Bxe4 24. Qxe4 Qxe4 25. Bxe4 a5 26. Rd1 Red8 27. Bd3
Rd5 28. Kg1 Rcd8 29. Kf1 g6 30. Ke2 Kg7 31. Rc1 f5 32. f4 e5 33. fxe5 Rxe5+ 34.
Kf2 f4 35. Re1 Rde8 36. Rxe5 Rxe5 37. Kf3 g5 38. Kg4 h6 39. b3 b4 40. axb4 axb4
41. Kf3 Re3+ 42. Kf2 Kf6 43. Be2 Rc3 44. Bd1 Ke5 45. Ke2 Rg3 46. Kf2 Kd4 47.
Bh5 Kc3 48. Bg6 Kd2 49. Bf5 Rc3 50. Kf1 Rxc2 51. Bxc2 Kxc2 52. Ke2 Kxb3 53. Kd2
Ka2 54. Kc1 b3 55. Kd2 b2 0-1

[Event "N3_Gr_12"]
[Site "?"]
[Date "2003.11.15"]
[Round "2.2"]
[White "Praud, Jean-Luc"]
[Black "Cursoux, Gerard"]
[Result "1-0"]
[WhiteElo "2160"]
[BlackElo "2130"]
[PlyCount "67"]
[EventDate "2004.??.??"]

1. d4 f5 2. Bg5 g6 3. e3 Bg7 4. g4 fxg4 5. Qxg4 Nf6 6. Qg2 d5 7. Bd3 O-O 8. Nc3
c6 9. Nf3 Be6 10. h4 Nbd7 11. O-O-O b5 12. Rdg1 b4 13. Ne2 Nh5 14. Nf4 Nxf4 15.
exf4 Bf5 16. Bxf5 Rxf5 17. h5 Nf8 18. hxg6 hxg6 19. Ne5 Qd6 20. Bh6 Qf6 21. Qh3
Rh5 22. Qxh5 gxh5 23. Rxg7+ Qxg7 24. Bxg7 Kxg7 25. Nxc6 Ne6 26. Rxh5 Nxf4 27.
Rf5 Rc8 28. Nxe7 Ne2+ 29. Kd2 Nxd4 30. Nxc8 Nxf5 31. Nxa7 Ne7 32. Kd3 Kf6 33.
Kd4 Ke6 34. Kc5 1-0

[Event "N3_Gr_12"]
[Site "?"]
[Date "2003.11.16"]
[Round "3.4"]
[White "Bellon, Yves"]
[Black "Caffenne, Philippe"]
[Result "0-1"]
[WhiteElo "1910"]
[BlackElo "2078"]
[PlyCount "72"]
[EventDate "2004.??.??"]

1. c4 e5 2. Nc3 Nc6 3. Nf3 g6 4. e4 Bg7 5. d3 Nf6 6. h3 O-O 7. Be3 d6 8. Qd2
Be6 9. Be2 Nh5 10. O-O-O Nd4 11. g3 c6 12. Ng5 Nf6 13. f4 Qa5 14. Nxe6 Nxe6 15.
f5 gxf5 16. exf5 Nd4 17. g4 b5 18. g5 b4 19. Bxd4 exd4 20. gxf6 Bxf6 21. Rhg1+
Kh8 22. Qh6 Be5 23. Nb1 Rg8 24. f6 Bg3 25. Bg4 Rg6 26. Qh5 Bf4+ 27. Nd2 Qxa2
28. Kc2 b3+ 29. Nxb3 Rb8 30. Rg2 Qxb3+ 31. Kb1 a5 32. Bf5 Qxd1+ 33. Qxd1 Rxg2
34. b3 a4 35. Bxh7 $11 35... Rxb3+ 36. Ka1 Bd2 0-1

[Event "N3_Gr_12"]
[Site "?"]
[Date "2003.11.16"]
[Round "3.7"]
[White "Candy, Romain"]
[Black "Lorello, Alfio"]
[Result "0-1"]
[WhiteElo "1982"]
[BlackElo "1860"]
[PlyCount "104"]
[EventDate "2004.??.??"]

1. e4 c5 2. Nf3 e6 3. d4 cxd4 4. Nxd4 Nc6 5. Nc3 a6 6. g3 Nge7 7. Bg2 Nxd4 8.
Qxd4 Nc6 9. Qd1 Be7 10. O-O O-O 11. Be3 b5 12. f4 Bb7 13. Qd2 Qc7 14. Rad1 d6
15. Qf2 Nb8 16. Ne2 Nd7 17. Rd2 Nc5 18. Bxc5 dxc5 19. e5 Rad8 20. Rfd1 Bxg2 21.
Qxg2 Rxd2 22. Rxd2 c4 23. Nc3 Bb4 24. Qf3 h6 25. Qd1 Qc6 26. h3 Bc5+ 27. Kh2 b4
28. Ne2 Be3 29. Rd8 Rxd8 30. Qxd8+ Kh7 31. Qd1 Qe4 32. c3 a5 33. a3 bxa3 34.
bxa3 Bc5 35. a4 Qe3 36. Qe1 Ba3 37. Kg2 Qe4+ 38. Kh2 Qc2 39. Kg1 Bc5+ 40. Kf1
Qxa4 41. Qb1+ g6 42. Ke1 Qc6 43. Qa2 a4 44. Kd1 Be3 45. Kc2 Qe4+ 46. Kb2 Bc5
47. Kc1 a3 48. Kd1 Qd3+ 49. Ke1 h5 50. g4 h4 51. g5 Kg7 52. Qa1 Qxh3 0-1

[Event "N3_Gr_12"]
[Site "?"]
[Date "2003.11.16"]
[Round "3.1"]
[White "Garcia, Olivier"]
[Black "Bruneau, Francois"]
[Result "1-0"]
[WhiteElo "2243"]
[BlackElo "2039"]
[PlyCount "75"]
[EventDate "2004.??.??"]

1. Nf3 Nf6 2. c4 e6 3. d4 b6 4. g3 Bb7 5. Bg2 Be7 6. Nc3 Ne4 7. Nxe4 Bxe4 8.
O-O O-O 9. d5 exd5 10. cxd5 Re8 11. Nd4 Bf6 12. Be3 c5 13. Nb5 Bxg2 14. Kxg2 d6
15. Bf4 Be5 16. Bxe5 Rxe5 17. f4 Re7 18. Re1 f5 19. Qd3 a6 20. Nc3 Qf8 21. e4
fxe4 22. Nxe4 Nd7 23. Ng5 Nf6 24. Re6 Rxe6 25. dxe6 Qe7 26. Re1 d5 27. Re5 d4
28. Kg1 b5 29. a4 c4 30. Qxd4 Rd8 31. Qb6 Rd1+ 32. Kg2 Rd2+ 33. Kh3 h6 34. Nf7
Rxb2 35. Rc5 Ne8 36. Rc8 bxa4 37. Qc6 Kf8 38. Ne5 1-0

[Event "N3_Gr_12"]
[Site "?"]
[Date "2003.11.16"]
[Round "3.2"]
[White "Garon, Pierre"]
[Black "Lacour, Serge"]
[Result "1/2-1/2"]
[WhiteElo "2009"]
[BlackElo "2138"]
[PlyCount "56"]
[EventDate "2004.??.??"]

1. d4 c5 2. e3 Nf6 3. Nf3 d5 4. b3 Nc6 5. Bb2 Bg4 6. Nbd2 cxd4 7. exd4 g6 8. a3
Bg7 9. Bd3 O-O 10. h3 Bxf3 11. Nxf3 Ne4 12. Qe2 f5 13. Rd1 e6 14. h4 Qb6 15.
Bb5 a6 16. Bxc6 Qxc6 17. c4 dxc4 18. bxc4 Rac8 19. d5 Qxc4 20. Qxc4 Rxc4 21.
Bxg7 Kxg7 22. dxe6 Kf6 23. Ng5 Re8 24. Nxh7+ Kg7 25. Rd7+ Kh6 26. O-O Rxe6 27.
Rxb7 Nc5 28. Rc7 Rxh4 1/2-1/2

[Event "N3_Gr_12"]
[Site "?"]
[Date "2003.11.16"]
[Round "3.5"]
[White "Le Roux, Yann-Erle"]
[Black "Licata, Luc"]
[Result "1/2-1/2"]
[WhiteElo "2034"]
[BlackElo "1900"]
[PlyCount "45"]
[EventDate "2004.??.??"]

1. d4 d5 2. Nf3 Nf6 3. c4 c6 4. Nc3 e6 5. Bg5 Be7 6. e3 dxc4 7. Bxc4 b5 8. Bd3
a6 9. O-O Nbd7 10. Rc1 c5 11. dxc5 Nxc5 12. Bb1 Bb7 13. b4 Nce4 14. Nxe4 Nxe4
15. Qxd8+ Bxd8 16. Bxd8 Rxd8 17. Rc7 Bd5 18. Rfc1 O-O 19. Ra7 Ra8 20. Rxa8 Rxa8
21. Bxe4 Bxe4 22. a3 Rd8 23. Nd4 1/2-1/2

[Event "N3_Gr_12"]
[Site "?"]
[Date "2003.11.16"]
[Round "3.9"]
[White "Marnois, C."]
[Black "Poncet, Martine"]
[Result "1-0"]
[WhiteElo "1900"]
[BlackElo "1460"]
[PlyCount "53"]
[EventDate "2004.??.??"]

1. e4 e5 2. Nf3 Nc6 3. Bc4 h6 4. d4 exd4 5. Nxd4 Qf6 6. c3 Bc5 7. Be3 Ne5 8.
Be2 d6 9. f4 Ng6 10. O-O Bd7 11. Nd2 O-O-O 12. b4 Bb6 13. a4 Qe7 14. a5 Bxd4
15. cxd4 Nf6 16. Qc2 Bc6 17. Bf3 Kb8 18. a6 Bb5 19. axb7 Qd7 20. Rfc1 Ne8 21.
d5 a6 22. Nc4 Kxb7 23. Na5+ Ka8 24. Qc3 Rc8 25. Qd4 c5 26. dxc6 Bxc6 27. Nxc6
1-0

[Event "N3_Gr_12"]
[Site "?"]
[Date "2003.11.16"]
[Round "3.6"]
[White "Poncet, Alain"]
[Black "Soubrier, Aude"]
[Result "1/2-1/2"]
[WhiteElo "1860"]
[BlackElo "2070"]
[PlyCount "63"]
[EventDate "2004.??.??"]

1. e4 e5 2. Nf3 Nc6 3. Bb5 f5 4. d4 fxe4 5. Bxc6 exf3 6. Bxf3 exd4 7. Qxd4 Qf6
8. Be3 Be7 9. Nc3 c6 10. O-O-O Qxd4 11. Bxd4 Nf6 12. Rhe1 Kf7 13. g4 d5 14. g5
Ng4 15. h4 Bd6 16. Rg1 Ne5 17. Bh5+ Ng6 18. Ne2 Re8 19. f4 Kg8 20. Rdf1 Bf5 21.
Ng3 Rf8 22. Bxg6 Bxg6 23. Be5 Bxe5 24. fxe5 Rxf1+ 25. Rxf1 Rf8 26. Rxf8+ Kxf8
27. h5 Be8 28. Kd2 c5 29. c3 Kf7 30. Ke3 Ke6 31. Kf4 Bc6 32. Nf5 1/2-1/2

[Event "N3_Gr_12"]
[Site "?"]
[Date "2003.11.16"]
[Round "3.8"]
[White "Pupier, Terry"]
[Black "Bourdon, Philippe"]
[Result "1/2-1/2"]
[WhiteElo "1740"]
[BlackElo "1969"]
[PlyCount "104"]
[EventDate "2004.??.??"]

1. e4 e5 2. Nf3 Nc6 3. d4 exd4 4. Nxd4 Bc5 5. Be3 Qf6 6. c3 Nge7 7. Nc2 Bxe3 8.
Nxe3 d6 9. Nd2 O-O 10. Be2 Be6 11. O-O Ng6 12. g3 Bh3 13. Re1 Rfe8 14. Bg4 Bxg4
15. Nxg4 Qg5 16. f4 Qc5+ 17. Nf2 a5 18. Nb3 Qb6 19. Qd2 Re7 20. Nd4 Rae8 21.
Re2 Nxd4 22. cxd4 Nf8 23. Rd1 h6 24. h4 Qb5 25. g4 Ne6 26. Rde1 Qc4 27. d5 Nd4
28. Re3 Qb4 29. Qxb4 axb4 30. Rd3 Nb5 31. Rc1 Ra8 32. Rc4 Rxa2 33. Rxb4 Ra5 34.
Nd1 b6 35. Nc3 Nxc3 36. Rxc3 Kf8 37. Kf2 Ke8 38. Rbc4 Kd8 39. Kf3 Ra1 40. Rc1
Ra5 41. Rd1 Ra2 42. Rc2 Ra4 43. Re2 f6 44. g5 hxg5 45. hxg5 fxg5 46. fxg5 Rf7+
47. Kg4 Re7 48. Kf4 Rf7+ 49. Ke3 Re7 50. Rd4 Rxd4 51. Kxd4 Re5 52. Rg2 Ke7
1/2-1/2

[Event "N3_Gr_12"]
[Site "?"]
[Date "2003.11.16"]
[Round "3.3"]
[White "Timotic, Nicolas"]
[Black "Valla, Nicolas"]
[Result "1/2-1/2"]
[WhiteElo "2107"]
[BlackElo "1950"]
[PlyCount "22"]
[EventDate "2004.??.??"]

1. e4 c6 2. d4 d5 3. e5 Bf5 4. Nc3 e6 5. g4 Bg6 6. h4 h5 7. g5 Bb4 8. Nge2 Ne7
9. Nf4 Nd7 10. Be2 Be4 11. O-O Bg6 1/2-1/2

[Event "N3_Gr_12"]
[Site "?"]
[Date "2003.12.07"]
[Round "4.3"]
[White "Dequidt, Adrien"]
[Black "Rue, Pascal"]
[Result "1/2-1/2"]
[WhiteElo "1900"]
[BlackElo "2138"]
[PlyCount "34"]
[EventDate "2004.??.??"]

1. d4 Nf6 2. Nd2 d5 3. Ngf3 e6 4. e3 Be7 5. Bd3 O-O 6. O-O b6 7. c3 Ba6 8. Bxa6
Nxa6 9. Qe2 Nb8 10. e4 dxe4 11. Nxe4 Nbd7 12. Ne5 Nxe5 13. Nxf6+ Bxf6 14. dxe5
Be7 15. Rd1 Qc8 16. Qg4 Rd8 17. Bg5 Bxg5 1/2-1/2